|
|
|
|
| LEADER |
00000caa a22000002c 4500 |
| 001 |
1912566907 |
| 003 |
DE-627 |
| 005 |
20250126055010.0 |
| 007 |
cr uuu---uuuuu |
| 008 |
241217s1995 xx |||||o 00| ||eng c |
| 024 |
7 |
|
|a 10.1080/01615440.1995.9955311
|2 doi
|
| 035 |
|
|
|a (DE-627)1912566907
|
| 035 |
|
|
|a (DE-599)KXP1912566907
|
| 040 |
|
|
|a DE-627
|b ger
|c DE-627
|e rda
|
| 041 |
|
|
|a eng
|
| 084 |
|
|
|a 2,1
|2 ssgn
|
| 100 |
1 |
|
|a Ruggles, Steven
|e VerfasserIn
|0 (DE-588)170537102
|0 (DE-627)060640804
|0 (DE-576)131414089
|4 aut
|
| 109 |
|
|
|a Ruggles, Steven
|
| 245 |
1 |
0 |
|a General Design of the Integrated Public Use Microdata Series
|
| 264 |
|
1 |
|c 1995
|
| 336 |
|
|
|a Text
|b txt
|2 rdacontent
|
| 337 |
|
|
|a Computermedien
|b c
|2 rdamedia
|
| 338 |
|
|
|a Online-Ressource
|b cr
|2 rdacarrier
|
| 700 |
1 |
|
|a Sobek, Matthew
|e VerfasserIn
|4 aut
|
| 700 |
1 |
|
|a Hacker, James David
|e VerfasserIn
|0 (DE-588)132696991
|0 (DE-627)525527672
|0 (DE-576)299350940
|4 aut
|
| 773 |
0 |
8 |
|i Enthalten in
|t Historical methods
|d London [u.a.] : Routledge, Taylor & Francis Group, 1978
|g 28(1995), 1, Seite 33-39
|h Online-Ressource
|w (DE-627)330194372
|w (DE-600)2049779-9
|w (DE-576)266224679
|x 1940-1906
|7 nnas
|
| 773 |
1 |
8 |
|g volume:28
|g year:1995
|g number:1
|g pages:33-39
|
| 787 |
0 |
8 |
|i Forschungsdaten
|a United States. Bureau of the Census
|t Census of Population and Housing, 1970 (United States): Public Use Samples
|d [Erscheinungsort nicht ermittelbar] : [Verlag nicht ermittelbar], 1984
|w (DE-627)1902790189
|
| 787 |
0 |
8 |
|i Forschungsdaten
|a United States. Bureau of the Census
|t Census of Population, 1950 (United States): Public Use Microdata Sample
|d [Erscheinungsort nicht ermittelbar] : [Verlag nicht ermittelbar], 1984
|w (DE-627)190279933X
|
| 787 |
0 |
8 |
|i Forschungsdaten
|a United States. Bureau of the Census
|t Census of Population, 1940 (United States): Public Use Microdata Sample
|d [Erscheinungsort nicht ermittelbar] : [Verlag nicht ermittelbar], 1984
|w (DE-627)1902799321
|
| 787 |
0 |
8 |
|i Forschungsdaten
|a Preston, Samuel H.
|t Census of Population, 1910 (United States): Public Use Sample
|d [Erscheinungsort nicht ermittelbar] : [Verlag nicht ermittelbar], 1989
|w (DE-627)1902800028
|
| 787 |
0 |
8 |
|i Forschungsdaten
|a Preston, Samuel H.
|t United States Census Data, 1900: Public Use Sample
|d [Erscheinungsort nicht ermittelbar] : [Verlag nicht ermittelbar], 1984
|w (DE-627)1902798902
|
| 787 |
0 |
8 |
|i Forschungsdaten
|a Ruggles, Steven
|t Census of Population, 1880 (United States): Public Use Sample
|d [Erscheinungsort nicht ermittelbar] : [Verlag nicht ermittelbar], 1995
|w (DE-627)1902797787
|
| 787 |
0 |
8 |
|i Forschungsdaten
|a University of Minnesota. Department of History. Historical Census Project
|t Integrated Public Use Microdata Series (IPUMS)
|
| 856 |
4 |
0 |
|u https://doi.org/10.1080/01615440.1995.9955311
|x Resolving-System
|z lizenzpflichtig
|3 Volltext
|7 1
|
| 935 |
|
|
|a mkri
|
| 951 |
|
|
|a AR
|
| ELC |
|
|
|a 1
|
| LOK |
|
|
|0 000 xxxxxcx a22 zn 4500
|
| LOK |
|
|
|0 001 463753240X
|
| LOK |
|
|
|0 003 DE-627
|
| LOK |
|
|
|0 004 1912566907
|
| LOK |
|
|
|0 005 20241217044518
|
| LOK |
|
|
|0 008 241217||||||||||||||||ger|||||||
|
| LOK |
|
|
|0 035
|a (DE-2619)ICPSR26470
|
| LOK |
|
|
|0 040
|a DE-2619
|c DE-627
|d DE-2619
|
| LOK |
|
|
|0 092
|o n
|
| LOK |
|
|
|0 852
|a DE-2619
|
| LOK |
|
|
|0 852 1
|9 00
|
| LOK |
|
|
|0 935
|a nacp
|
| LOK |
|
|
|0 939
|a 17-12-24
|b l01
|
| ORI |
|
|
|a SA-MARC-krimdoka001.raw
|